| 000 | 00461nam a2200157 a 4500 | ||
|---|---|---|---|
| 001 | 000027528 | ||
| 005 | 20200930030911.0 | ||
| 008 | 110401s1974 dr 000 0 spa d | ||
| 040 |
_aDO-SdBNP _bspa _cBNPHU |
||
| 100 | 1 |
_aFélix, Victoriano _932243 |
|
| 245 | 1 | 0 |
_aBalaguer y la prensa nacional / _cVictoriano Félix. |
| 260 |
_aSanto Domingo : _b[s.n.], _c1974. |
||
| 300 |
_a100 p. ; _c21 cm. |
||
| 500 | _aIncluye datos biográficos del autor | ||
| 049 | _aBNPD | ||
| 999 |
_c27020 _d27020 |
||